| 000 | 00439nam a22001817a 4500 | ||
|---|---|---|---|
| 003 | NUST - PNEC | ||
| 005 | 20170116181056.0 | ||
| 008 | 150905b xxu||||| |||| 00| 0 eng d | ||
| 020 | _a- | ||
| 040 | _cLIBRARY | ||
| 082 | _a621.3848 SKO | ||
| 100 |
_97917 _aSkolnik, Merrill I. |
||
| 245 |
_a Introduction to radar systems _cMerrill I. Skolnik |
||
| 250 | _a- | ||
| 260 | _cc.1962 | ||
| 650 |
_97919 _aRadar _xEL |
||
| 942 |
_2ddc _cBK |
||
| 999 |
_c68555 _d68555 |
||